Diseño de transporte turístico informativo para la ciudad de Guadalajara /
Shranjeno v:
| Glavni avtor: | |
|---|---|
| Drugi avtorji: | |
| Format: | Tesis Knjiga |
| Jezik: | španščina |
| Teme: | |
| Oznake: |
Brez oznak, prvi označite!
|
MARC
| LEADER | 00000nam^a2200000^a^4500 | ||
|---|---|---|---|
| 001 | 000183547 | ||
| 005 | 20250521000000.0 | ||
| 009 | 20260310102044.743 | ||
| 037 | |a Acervo ITESO - Biblioteca | ||
| 041 | |a ESP | ||
| 090 | |a DIS. 92 | ||
| 100 | |a Marseille Aldrete, Mónica |e (autor) | ||
| 245 | 1 | 0 | |a Diseño de transporte turístico informativo para la ciudad de Guadalajara / |c M. Marseille Aldrete, L. Urrea Verea. |
| 264 | |a Guadalajara, México : |b edición de autor, |c 2005 | ||
| 300 | |a 1 disco compacto de computadora | ||
| 336 | |a datos para computadora |b cod |2 rdacontenido | ||
| 337 | |a computadora |b c |2 rdamedio | ||
| 338 | |a disco de computadora |b cd |2 rdasoporte | ||
| 502 | |a ITESO Reporte de Servicio Social de Licenciatura en Diseño | ||
| 649 | |a XX | ||
| 650 | |a Guías Turísticas | ||
| 650 | |a Autobuses - |z Guadalajara, Jalisco | ||
| 650 | |a Autobuses - |z Jalisco | ||
| 650 | |a Autobuses - |z México | ||
| 650 | |a Sistema de Transporte - |z Guadalajara, Jalisco | ||
| 650 | |a Sistema de Transporte - |z Jalisco | ||
| 650 | |a Sistema de Transporte - |z México | ||
| 650 | |a Turismo - |z Guadalajara, Jalisco | ||
| 650 | |a Turismo - |z Jalisco | ||
| 650 | |a Turismo - |z México | ||
| 650 | |a Sector Servicios - |z Guadalajara, Jalisco | ||
| 650 | |a Sector Servicios - |z Jalisco | ||
| 650 | |a Sector Servicios - |z México | ||
| 650 | |a Diseño | ||
| 650 | |a Formación de Empresas | ||
| 650 | |a Investigación de Mercado | ||
| 650 | |a Mercadotecnia de Servicios | ||
| 650 | |a Ciencias Administrativas | ||
| 650 | |a Guadalajara, Jalisco - |x Descripción | ||
| 650 | |a Jalisco - |x Descripción | ||
| 650 | |a México - |x Descripción | ||
| 700 | |a Urrea Verea, Lorenza |e (autor) | ||
| 910 | |a Fondo General | ||
| 920 | |a Electrónicos - Tesis del ITESO en Disco | ||
| 905 | |a 202 | ||
| 901 | |a 0500124218 |b IT2 |c STS |u 20250521 | ||
| 902 | |a https://opac.biblio.iteso.mx/vufind/Record/000183547 | ||